000 00519cam a2200193 a 4500
020 _a1880656116 :
040 _cDLC
082 0 0 _a428 STO 1994 A024 Or.
100 1 _aBest, Don,
245 1 0 _aMake a mil-yen :
_bteaching English in Japan /
260 _aBerkeley, Calif. :
_bStone Bridge Press,
_cc1994.
300 _a176 p. :
_bill., map ;
_c22 cm.
500 _aIncludes index.
650 0 _aEnglish philology
650 0 _aEnglish language
650 0 _aEnglish teachers
650 0 _aAmericans
942 _cEK
999 _c13165
_d13165